[Event "Agua Preta op"]
[Site "Agua Preta"]
[Date "2017.11.26"]
[Round "6"]
[White "De Mendonca Neto, Antonio Oliveira"]
[Black "Leite, Joao Carlos Zirpoli"]
[Result "1-0"]
[WhiteElo "1800"]
[BlackElo "1643"]
[PlyCount "91"]
[EventDate "2017.11.24"]
[EventType "swiss"]
[EventRounds "6"]
[EventCountry "BRA"]
[SourceTitle "CBM 181 Extra"]
[Source "ChessBase"]
[SourceDate "2017.12.12"]
[SourceVersion "1"]
[SourceVersionDate "2017.12.12"]
[SourceQuality "1"]

1. e4 e5 2. Nf3 Nc6 3. d4 exd4 4. Nxd4 Bc5 5. Nxc6 Qf6 6. Be3 Bxe3 7. fxe3 dxc6 8. Nc3 Nh6 9. Qd4 Qg6 10. 0-0-0 Bg4 11. Qe5+ Qe6 12. Qxe6+ Bxe6 13. b3 Ng4 14. Re1 0-0 15. Nd1 Rad8 16. Be2 Rd6 17. Bxg4 Bxg4 18. Nf2 Bh5 19. g4 Bg6 20. Rd1 Rfd8 21. Rxd6 Rxd6 22. Rd1 Rxd1+ 23. Kxd1 Kf8 24. e5 Ke7 25. Nd3 Bxd3 26. cxd3 Ke6 27. d4 Kd5 28. Ke2 Ke4 29. Kf2 Kd3 30. h4 Kc3 31. h5 g5 32. Kf3 Kd3 33. a3 a5 34. a4 h6 35. Kf2 Kc3 36. Kf3 Kxb3 37. Ke4 Kxa4 38. Kf5 Kb3 39. Kf6 a4 40. Kxf7 a3 41. e6 a2 42. e7 a1Q 43. e8Q Qf1+ 44. Kg7 Qf4 45. Qe6+ Kb4 46. exf4 1-0